Statistics for Cliches

Click here to take the quiz!

General Stats

  • This quiz has been taken 844 times
  • The average score is 13 of 15

Answer Stats

HintAnswer% Correct
There's no place like _____home
100%
Last but not _____least
99%
We're back to square ____one
98%
Through thick and _____thin
98%
Put two and two _________together
97%
Don't beat around the ____bush
95%
A chain is only as strong as its weakest ______link
94%
Easy as _____pie
93%
One in a _______million
90%
The ball is on your _______court
84%
The handwriting's on the _____wall
79%
He's cute as a _______button
74%
Every dog has it's ___day
73%
It came out of the clear ____blue
56%
Growing like a ____weed
55%

Score Distribution

Percentile by Number Answered

Percent of People with Each Score

Your Score History

You have not taken this quiz